01669nam a2200337 i 4500003000900000005001700009008004100026017001300067040004600080041000800126082002600134092000700160099003400167100004800201245007400249264006600323300003000389336002200419337002400441338003300465504006300498546011600561650003500677856005700712905001300769942001900782999001700801952017100818952017100989952017101160EG-GICUC20260121101525.0251218s1990    ua ||||fr|||| 00| 0 ara d  a19903260  a EG-GICUCbarac EG-GICUCd EG-GICUCerda  aara04221a343.6bن و . م04221  aLaw1 10	343.6 ن و . م 19900 aنور الدين هنداوىeمؤلف.10aمبادئ علم الاجرام /cنور الدين هنداوى. 1aالقاهرة :bدار النهضة العربية،c1990.  a189 صفحة ؛c24 سم.  2rda contentatext  2rda mediaaComputer  2rda carrieraOnline Resource  aيحتوي على اراجاعات ببليوجرافية
  aالنص أغلبه باللغة العربية بعض النصوص الإنجليزية والفرنسية14aعلم الإجرام2qrmak40uhttps://fll.law.cu.edu.eg/fulltext/bks/B10-07070.pdf  a75eYara  2ddccBKe21n0  c51746d51746  00102ddc40718القانون الجنائيaCUbLAW1d2025-12-18l0oLaw1 10	343.6 ن و . م 1990 1007070	C1pB10-07070r2025-12-18 20:44:03t1w2025-12-18yBK  00102ddc40708القانون الجنائيaCUbLAW1d2025-12-18l0oLaw1 10	343.6 ن و . م 1990 1007071	C2pB10-07071r2025-12-18 20:44:26t2w2025-12-18yBK  00102ddc40708القانون الجنائيaCUbLAW2d2025-12-28l0oLaw2 10	343.6 ن و . م 1990 1006970	C3pB10-06970r2025-12-28 16:31:14t3w2025-12-28yBK